Lana Del Rey Songs in French - Statistics

General Stats
  • This quiz has been taken 26 times
  • The average score is 10 of 16
Answer Stats
Hint Answer % Correct
Treize plages 13 Beaches
88%
Dieux et monstres Gods and Monsters
88%
Le jour le plus noir The Blackest Day
81%
Dans mes sentiments In My Feelings
77%
Comment disparaître How to disappear
73%
Vieux argent Old Money
73%
Velours bleu Blue Velvet
69%
Le bohneur est un papillon Happiness is a butterfly
69%
C'est ce qui fait de nous des filles This Is What Makes Us Girls
62%
Collier de bonbons Candy Necklace
58%
Nuances de fraîcheur Shades of Cool
50%
Si tu t'allonges avec moi If you lie down with me
46%
Les chanceux Lucky Ones
46%
Tonnerre Thunder
42%
Casser lentement Breaking up slowly
35%
Filet de pèche Fishtail
35%
No matching quizzes found
Score Distribution
Percent of People with Each Score
Percentile by Number Answered
Your Score History
You have not taken this quiz